Nedostatok finančných zdrojov pre poľnohospodárstvo nie je len slovenský problém

Problém trvalého nedostatku zdrojov v poľnohospodárstve a jeho riešenie. Príklad poľnohospodárskej politiky v USA. Vývoj hospodárskej situácie sektora na Slovensku. Možnosti zvýšenia prístupnosti zdrojov. Úverová podpora bánk.

Salvato in:
Dettagli Bibliografici
Autore principale: Matoušek, Jiří
Natura: Capitolo di libro
Lingua:slovacco
Soggetti:
Tags: Aggiungi Tag
Nessun Tag, puoi essere il primo ad aggiungerne!!

MARC

LEADER 00000naa a2200000 4500
001 r026907
005 20230921081111.9
041 0 |a slo 
044 |a SK 
245 1 0 |a Nedostatok finančných zdrojov pre poľnohospodárstvo nie je len slovenský problém  |c Jiří Matoušek 
520 |a Problém trvalého nedostatku zdrojov v poľnohospodárstve a jeho riešenie. Príklad poľnohospodárskej politiky v USA. Vývoj hospodárskej situácie sektora na Slovensku. Možnosti zvýšenia prístupnosti zdrojov. Úverová podpora bánk. 
610 2 0 |a poľnohospodárstvo 
610 2 0 |a Slovensko 
610 2 0 |a USA 
610 2 0 |a úver bankový 
610 2 0 |a politika poľnohospodárska 
100 1 |a Matoušek, Jiří